000 02069cam a22003977a 4500
999 _c1418
_d1418
001 19033405
003 OSt
005 20221229122148.0
008 160328t20172017mnua j 000 0 eng d
010 _a 2016937131
020 _a9781628323948 (pbk)
035 _a(OCoLC)ocn962548284
040 _aBTCTA
_beng
_cBTCTA
_dBIB
_dOCLCO
_dYDX
_dOCLCF
_dSJP
_dVHP
_dNXA
_dQBX
_dDLC
_dKH8
042 _alccopycat
082 0 0 _a636.1 ARN
_223
100 1 _aArnold, Quinn M.,
_eauthor.
245 1 0 _aHorses /
_cQuinn M. Arnold.
250 _aFirst edition.
264 1 _aMankato, Minnesota :
_bCreative Education and Creative Paperbacks,
_c[2017]
264 4 _c©2017
300 _a24 pages :
_bcolor illustrations ;
_c23 cm.
336 _atext
_btxt
_2rdacontent
337 _aunmediated
_bn
_2rdamedia
338 _avolume
_bnc
_2rdacarrier
490 1 _aSeedlings
504 _aIncludes bibliographical references and index.
520 _a"The popular Seedlings series offers irresistible introductions to animals, birds, sea life, insects, eco systems, and an array of transporation. Written in a friendly voice, filled with dynamic photos, and featuring text crafted for the youngest of readers, these books spotlight the bodies, behaviors, and habitats of living things and the parts, operation, and roles of vehicles. As introductions to informational text, these titles will plant the seeds of knowledge! A kindergarten-level introduction to monster trucks, covering their purpose, where they are found, the people who drive them, and such defining features as their fiberglass bodies and big wheels." --
_cAmazon.com.
650 0 _aHorses
_vJuvenile literature.
650 1 _aHorses.
650 7 _aHorses.
_2fast
_0(OCoLC)fst00960603
655 7 _aJuvenile works.
_2fast
_0(OCoLC)fst01411637
830 0 _aSeedlings (Creative Education, Inc. (Mankato, Minn.))
906 _a7
_bcbc
_ccopycat
_d2
_encip
_f20
_gy-gencatlg
942 _2ddc
_cNFIC